{"text_format":"1","workbook":"xlsx","n_sheets":2,"sheets":["X-458 Price Program","X-458 Spare Parts"],"not_rendered":{"charts":0,"images":1,"macros":1,"external_links":0,"defined_names":6,"comments":0,"pivot_tables":0},"unopened":[],"bounds":{"document_bytes":16777216,"sheet_cells":100000,"rows_first":2000,"rows_last":500,"rows_between":2000,"halvings":0,"cell_chars":16384,"cell_head_chars":4096},"cells_cut":0,"cells_raw":0,"read":"whole","date_system":"1900"}

{"sheet":"X-458 Price Program","index":0,"n_rows":194,"n_cols":9,"rows_kept":194,"cut":false,"hidden":false,"merged":[[1,5,1,6],[192,2,192,3]]}
["4\" Unibeam™ Component Pricing Program"]
[null,null,"Proposal Number:",null,"Date:",{"$f":"NOW()","v":"2026-06-24T16:15:13.870"}]
[null,null,"Customer:"]
[null,null,"Customer Location:"]
[null,null,"End User:"]
[null,null,"End User Location:",null,"Multiplier:",0.4]
[null,null,"Project:"]
["Quantity",null,"Part Number","Description","Unit List Price","Unit Net Price","Total Net","Unit Weight","Total Weight"]
[">0"]
["<0"]
[]
["Quantity","EA","Part Number","Description","Unit List Price","Unit Net Price","Total Net","Unit Weight","Total Weight"]
[{"$f":"SUM(A14:A51)","v":0},null,null,"Chain & Chain Attachments"]
[null,"EA","13613-0","X-458 Microloy™ Chain Assembly (Strand Length: 120\")\n",268,{"$f":"ROUND((E14*$F$6),2)","v":107.2},{"$f":"A14*F14","v":0},31,{"$f":"A14*H14","v":0}]
[{"$f":"A14","v":0},null,{"$f":"(A14)*10","v":0},"Feet Total Chain Length"]
[]
[null,null,"15276-0","X-458 intermediate \"H\" Attachment - Consisting of the following shipped loose parts:"]
[null,"EA","15577-0","X-458 intermediate \"H\" Attachment [Two (2) Units Required]",3,{"$f":"ROUND((E18*$F$6),2)","v":1.2},{"$f":"A18*F18","v":0},0.45,{"$f":"A18*H18","v":0}]
[null,"EA","4226-0","X-458 \"M\" Filler [Two (2) Units Required]",2.25,0.9,0,0.14000000000000001,0]
[null,"EA","11979-0","Bolt [One (1) Unit Required]",0.67,0.27,0,0.04,0]
[null,"EA","56494-0","Nut [One (1) Unit Required]",0.18,7.0000000000000007E-2,0,0.01,0]
[]
[null,"EA","306997-0","X-458 Master Pin Assembly",24,9.6,0,0.5,0]
[]
[{"$f":"A27+A35+A31+A39+A47+A43","v":0},null,null,"Power Only Half Trolley Assemblies"]
[null,null,null,"Note:  Trolley pricing is given by “half trolley”.  A pair of trolleys is required for connection to the chain.  Please remember to order the appropriate number of trolleys and hardware for you chain’s configuration."]
[null,"EA","15308M1-0","4” Half Trolley, 3-3/16” Drop c/w Full Complement Wheels, Seal, Inner Cap & Grease Fitting (2 Units Required)\n",40.5,{"$f":"ROUND((E27*$F$6),2)","v":16.2},{"$f":"A27*F27","v":0},3.5,{"$f":"A27*H27","v":0}]
[{"$f":"A27","v":0},"EA","11979-0","Bracket Bolt (2 Units Required)",0.67,{"$f":"ROUND((E28*$F$6),2)","v":0.27},{"$f":"A28*F28","v":0},0.04,{"$f":"A28*H28","v":0}]
[{"$f":"A27","v":0},"EA","56494-0","Bracket Nut (2 Units Required)",0.18,7.0000000000000007E-2,{"$f":"A29*F29","v":0},0.01,{"$f":"A29*H29","v":0}]
[]
[null,"EA","15308-0","4” Half Trolley, 3-3/16” Drop c/w Full Complement Wheels, Seal & Grease Fitting, LESS Inner Cap (2 Units Required)\n",39.75,15.9,{"$f":"A31*F31","v":0},3.5,{"$f":"A31*H31","v":0}]
[{"$f":"A31","v":0},"EA","11979-0","Bracket Bolt (2 Units Required)",0.67,0.27,{"$f":"A32*F32","v":0},0.04,{"$f":"A32*H32","v":0}]
[{"$f":"A31","v":0},"EA","56494-0","Bracket Nut (2 Units Required)",0.18,7.0000000000000007E-2,{"$f":"A33*F33","v":0},0.01,{"$f":"A33*H33","v":0}]
[]
[null,"EA","15309-0","4” Half Trolley, 3-3/16” Drop c/w Full Complement Wheels & Grease Fitting, LESS Seal, LESS Inner Cap (2 Units Required)\n",37.5,{"$f":"ROUND((E35*$F$6),2)","v":15},{"$f":"A35*F35","v":0},3.5,{"$f":"A35*H35","v":0}]
[{"$f":"A35","v":0},"EA","11979-0","Bracket Bolt (2 Units Required)",0.67,{"$f":"ROUND((E36*$F$6),2)","v":0.27},{"$f":"A36*F36","v":0},0.04,{"$f":"A36*H36","v":0}]
[{"$f":"A35","v":0},"EA","56494-0","Bracket Nut (2 Units Required)",0.15,{"$f":"ROUND((E37*$F$6),2)","v":0.06},{"$f":"A37*F37","v":0},0.01,{"$f":"A37*H37","v":0}]
[]
[null,"EA","14282-0","4” Half Trolley, 4” Drop c/w Full Complement Wheels, Seal, Inner Cap & Grease Fitting (2 Units Required)\n",41,16.399999999999999,{"$f":"A39*F39","v":0},3.5,{"$f":"A39*H39","v":0}]
[{"$f":"A39","v":0},"EA","11979-0","Bracket Bolt (2 Units Required)",0.67,0.27,{"$f":"A40*F40","v":0},0.04,{"$f":"A40*H40","v":0}]
[{"$f":"A39","v":0},"EA","56494-0","Bracket Nut (2 Units Required)",0.18,7.0000000000000007E-2,{"$f":"A41*F41","v":0},0.01,{"$f":"A41*H41","v":0}]
[]
[null,"EA","87858-0","4” Half Trolley, 4” Drop c/w Full Complement Wheels, Seal & Grease Fitting, LESS Inner Cap (2 Units Required)\n",40,16,{"$f":"A43*F43","v":0},3.5,{"$f":"A43*H43","v":0}]
[{"$f":"A43","v":0},"EA","11979-0","Bracket Bolt (2 Units Required)",0.67,0.27,{"$f":"A44*F44","v":0},0.04,{"$f":"A44*H44","v":0}]
[{"$f":"A43","v":0},"EA","56494-0","Bracket Nut (2 Units Required)",0.15,0.06,{"$f":"A45*F45","v":0},0.01,{"$f":"A45*H45","v":0}]
[]
[null,"EA","86183-0","4” Half Trolley, 4” Drop c/w Full Complement Wheels & Grease Fitting, LESS Seal, LESS Inner Cap (2 Units Required)\n",38,{"$f":"ROUND((E47*$F$6),2)","v":15.2},{"$f":"A47*F47","v":0},3.5,{"$f":"A47*H47","v":0}]
[{"$f":"A47","v":0},"EA","11979-0","Bracket Bolt (2 Units Required)",0.67,{"$f":"ROUND((E48*$F$6),2)","v":0.27},{"$f":"A48*F48","v":0},0.04,{"$f":"A48*H48","v":0}]
[{"$f":"A47","v":0},"EA","56494-0","Bracket Nut (2 Units Required)",0.18,{"$f":"ROUND((E49*$F$6),2)","v":7.0000000000000007E-2},{"$f":"A49*F49","v":0},0.01,{"$f":"A49*H49","v":0}]
[{"$f":"A51","v":0}]
[null,"EA","BA4.11","Assemble Trolley to Chain  (Add per Trolley Pair)",8,3.2,{"$f":"A51*F51","v":0}]
[]
[null,null,null,"Trolley Wheels and Inner Caps"]
[null,"EA","15911-0","4\" FBC Wheel, Convex Face, 1\" Bore, Labyrinth Seals",29.25,{"$f":"ROUND((E54*$F$6),2)","v":11.7},{"$f":"A54*F54","v":0},1.28,{"$f":"A54*H54","v":0}]
[null,"EA","15917-0","4\" FBC Wheel, Convex Face, 1\" Bore, LESS Labyrinth Seals",25,10,0,1.28,0]
[null,"EA","15574-0","4\" Trolley Wheel Inner Cap",1,0.4,0,0.18,0]
[null,"EA","15929-0","4\" Trolley Wheel Inner Cap C/W Grease Fitting",5.4,2.16,0,0.1,0]
[{"$f":"A59","v":{"$error":"#REF!"}}]
[{"$f":"SUM(A60:A81)","v":{"$error":"#REF!"}},null,null,"Trolley Attachments & Hardware"]
[null,"EA","15579-0","\"J\" Attachment (Drilled for 5/8\" Diameter Rod)",24.5,9.8000000000000007,{"$f":"A60*F60","v":0},1.3,{"$f":"A60*H60","v":0}]
[null,"EA","4224-0","\"I\" Attachment",3.45,1.38,0,0.47,0]
[null,"EA","4222-0","\"C\" Attachment",12,{"$f":"ROUND((E62*$F$6),2)","v":4.8},{"$f":"A62*F62","v":0},1,{"$f":"A62*H62","v":0}]
[]
[null,"EA","4223-0","\"H\" Attachment (Priced in Pairs)",7,2.8,0,1.22,0]
[null,"EA","9118-0","X-458 \"H\" Attachment Clevis Pin, Ships Loose",7,2.8,0,0.2,0]
[null,"EA","57087-0","1/2\" Flat Washer, Ships Loose",0.25,0.1,0,0.04,0]
[null,"EA","300111-0"," Rue Ring Cotter for ½” Diameter Pin, Ships Loose",1,0.4,0,0.01,0]
[{"$f":"#REF!","v":{"$error":"#REF!"}}]
[null,"EA","4221-0","“B” Attachment, ships Loose [One (1) Unit Required]\n",25,10,{"$f":"A69*F69","v":0},1,{"$f":"A69*H69","v":0}]
[{"$f":"A69","v":0},"EA","56551-0","Nut, Ships Loose [One (1) Unit Required]\n",1.6,0.64,{"$f":"A70*F70","v":0},0.1,{"$f":"A70*H70","v":0}]
[{"$f":"A69","v":0},"EA","56074-0","Cotter Pin, Ships Loose [One (1) Unit Required]\n",0.3,0.12,{"$f":"A71*F71","v":0},0.02,{"$f":"A71*H71","v":0}]
[]
[{"$f":"#REF!","v":{"$error":"#REF!"}},null,null,"X-458 Load Bar & Hardware - Consisting of the following shipped loose parts:"]
[null,"EA","4060-0","X-458 Load Bar, Ships Loose [One (1) Unit Required]\n",75,30,{"$f":"A74*F74","v":0},4.4000000000000004,{"$f":"A74*H74","v":0}]
[{"$f":"A74*2","v":0},"EA","4221-0","“B” Attachment, Ships Loose [Two (2) Units Required]\n",25,10,0,1,0]
[{"$f":"A74*2","v":0},"EA","4004-0","Spherical Washer, Ships Loose [Two (2) Units Required]\n",9,3.6,0,0.5,0]
[{"$f":"A74*2","v":0},"EA","6493-0","Tube Spacer, Ships Loose [Two (2) Units Required]\n",5,2,0,0.08,0]
[{"$f":"A74*2","v":0},"EA","56551-0","Nut, Ships Loose [Two (2) Units Required]\n",1.6,0.64,0,0.22,0]
[{"$f":"A74*2","v":0},"EA","56074-0","Cotter Pin, Ships Loose [Two (2) Units Required]",0.3,0.12,0,0.02,0]
[]
[null,"EA","BA4.12","Assemble Load Bar to Chain  (Add per Load Bar)",29,11.6,{"$f":"A81*F81","v":0},null,{"$f":"A81*H81","v":0}]
[{"$f":"A83","v":0}]
[{"$f":"SUM(A84:A87)","v":0},null,null,"Swivel Hooks "]
[null,"EA","252099-0","Non-Indexing Swivel Hook Assembly\nConsisting of the Following:\n(1) 16610 Hook\n(1) 10554 Shank",33,13.2,{"$f":"A84*F84","v":0},1.4,{"$f":"A84*H84","v":0}]
[null,"EA","252104-0","Indexing Swivel Hook Assembly\nConsisting of the Following:\n(1) 16611 Hook\n(1) 6513   Shank",42,16.8,{"$f":"A85*F85","v":0},1.3,{"$f":"A85*H85","v":0}]
[null,"EA","252102-0","Indexing Swivel Hook Assembly\nConsisting of the Following:\n(1) 8207 Hook\n(1) 8208 Shank",57.25,22.9,{"$f":"A86*F86","v":0},2.16,{"$f":"A86*H86","v":0}]
[null,"EA","252101-0","Star Wheel Swivel Hook Assembly\nConsisting of the Following:\n(1) 16164 Hook\n(1) 6513  Shank",49,19.600000000000001,{"$f":"A87*F87","v":0},2,{"$f":"A87*H87","v":0}]
[]
[null,null,null,"P&F Pusher Dogs"]
[null,"EA","10702-0","X-458 Push Across Side Link Pusher",36,{"$f":"ROUND((E90*$F$6),2)","v":14.4},{"$f":"A90*F90","v":0},1.3,{"$f":"A90*H90","v":0}]
[]
[null,"EA","BA4.13","Assemble Pusher Dog to Chain (Add per FOOT of Chain Strand Length)",5.6,{"$f":"ROUND((E92*$F$6),2)","v":2.2400000000000002},{"$f":"A92*F92","v":0},null,{"$f":"A92*H92","v":0}]
[{"$f":"A94","v":0}]
[{"$f":"SUM(A95:A96)","v":0},null,null,"Hand Pushed Trolleys "]
[null,"EA","9792-0","Hand Pushed Trolley Assembly 500.0 lb. Capacity (FOB Carlisle, SC)\n(For use with 3\" & 4\" I-Beams)",190,76,{"$f":"A95*F95","v":0},8,{"$f":"A95*H95","v":0}]
[null,"EA","10711-0","Hand Pushed Trolley Assembly 1,500.0 lb. Capacity\n(For use with 4\", 5\" & 6\" I-Beams)",436,174.4,{"$f":"A96*F96","v":0},21,{"$f":"A96*H96","v":0}]
[{"$f":"A98","v":0}]
[{"$f":"A99","v":0},null,null,"Track "]
[null,"EA","18266-0","4” I-Beam, 1045 High Carbon Rail (Unit Length: 240”) \nNote that rail comes unpainted with mill ends\n",860,344,{"$f":"A99*F99","v":0},154,{"$f":"A99*H99","v":0}]
[{"$f":"A99","v":0},null,{"$f":"(A99)*20","v":0},"Feet Total Track Length"]
[{"$f":"A102","v":0}]
[{"$f":"A103+A105+A107+A109+A111","v":0},null,null,"Drive Assemblies"]
[null,"EA","947237-0","UniFrame X-458 Rotary Constant Speed Caterpillar Drive Assembly 2,000 LB Chain Pull Capacity c/w 0.75 HP, 230/460 Volt AC, TEFC Inverter Duty Gearmotor, 5:1 Turn-down Ratio, 460 Volt AC Brake and Limit Switch Overload Protection, Set @ 3-3/16” Drop, Speed 5.4 FPM @ 60 HZ (Note: Drive is LESS controls. Brake to be wired separately when used with inverter.)",32000,{"$f":"ROUND((E103*$F$6),2)","v":12800},{"$f":"A103*F103","v":0},1482,{"$f":"A103*H103","v":0}]
[{"$f":"A105","v":0}]
[null,"EA","947166-0","UniFrame X-458 Rotary Constant Speed Caterpillar Drive Assembly 2,000 LB Chain Pull Capacity c/w 1.5 HP, 230/460 Volt AC, TEFC Inverter Duty Gearmotor, 5:1 Turn-down Ratio, 460 Volt AC Brake and Limit Switch Overload Protection, Set @ 3-3/16” Drop, Speed 15.7 FPM @ 60 HZ (Note: Drive is LESS controls. Brake to be wired separately when used with inverter.)",32000,12800,{"$f":"A105*F105","v":0},1482,{"$f":"A105*H105","v":0}]
[{"$f":"A107","v":0}]
[null,"EA","947238-0","UniFrame X-458 Rotary Constant Speed Caterpillar Drive Assembly 2,000 LB Chain Pull Capacity c/w 3.0 HP, 230/460 Volt AC, TEFC Inverter Duty Gearmotor, 5:1 Turn-down Ratio, 460 Volt AC Brake and Limit Switch Overload Protection, Set @ 3-3/16” Drop, Speed 30.5 FPM @ 60 HZ (Note: Drive is LESS controls. Brake to be wired separately when used with inverter.)",32000,12800,{"$f":"A107*F107","v":0},1482,{"$f":"A107*H107","v":0}]
[{"$f":"A109","v":0}]
[null,"EA","947165-0","UniFrame X-458 Rotary Constant Speed Caterpillar Drive Assembly 2,000 LB Chain Pull Capacity c/w 3.0 HP, 230/460 Volt AC, TEFC Inverter Duty Gearmotor, 5:1 Turn-down Ratio, 460 Volt AC Brake and Limit Switch Overload Protection, Set @ 3-3/16” Drop, Speed 44.6 FPM @ 60 HZ  (Note: Drive is LESS controls. Brake to be wired separately when used with inverter.)",32000,12800,{"$f":"A109*F109","v":0},1482,{"$f":"A109*H109","v":0}]
[{"$f":"A111","v":0}]
[null,"EA","947164-0","UniFrame X-458 Rotary Constant Speed Caterpillar Drive Assembly 2,000 LB Chain Pull Capacity c/w 5.0 HP, 230/460 Volt AC, TEFC Inverter Duty Gearmotor, 5:1 Turn-down Ratio, 460 Volt AC Brake and Limit Switch Overload Protection, Set @ 3-3/16” Drop, Speed 63.0 FPM @ 60 HZ (Note: Drive is LESS controls. Brake to be wired separately when used with inverter.)",32000,12800,{"$f":"A111*F111","v":0},1482,{"$f":"A111*H111","v":0}]
[{"$f":"#REF!","v":{"$error":"#REF!"}}]
[null,"EA","947235-0","UniFrame X-458 Rotary Constant Speed Caterpillar Drive Assembly 3,000 LB Chain Pull Capacity c/w 0.75 HP, 230/460 Volt AC, TEFC Inverter Duty Gearmotor, 5:1 Turn-down Ratio, 460 Volt AC Brake and Limit Switch Overload Protection, Set @ 3-3/16” Drop, Speed 5.4 FPM @ 60 HZ (Note: Drive is LESS controls. Brake to be wired separately when used with inverter.)",35000,14000,{"$f":"A113*F113","v":0},1482,{"$f":"A113*H113","v":0}]
[{"$f":"A115","v":0}]
[null,"EA","947163-0","UniFrame X-458 Rotary Constant Speed Caterpillar Drive Assembly 3,000 LB Chain Pull Capacity c/w 1.5 HP, 230/460 Volt AC, TEFC Inverter Duty Gearmotor, 5:1 Turn-down Ratio, 460 Volt AC Brake and Limit Switch Overload Protection, Set @ 3-3/16” Drop, Speed 15.7 FPM @ 60 HZ (Note: Drive is LESS controls. Brake to be wired separately when used with inverter.)",35000,14000,{"$f":"A115*F115","v":0},1482,{"$f":"A115*H115","v":0}]
[{"$f":"A117","v":0}]
[null,"EA","947236-0","UniFrame X-458 Rotary Constant Speed Caterpillar Drive Assembly 3,000 LB Chain Pull Capacity c/w 3.0 HP, 230/460 Volt AC, TEFC Inverter Duty Gearmotor, 5:1 Turn-down Ratio, 460 Volt AC Brake and Limit Switch Overload Protection, Set @ 3-3/16” Drop, Speed 30.5 FPM @ 60 HZ (Note: Drive is LESS controls. Brake to be wired separately when used with inverter.)",35000,14000,{"$f":"A117*F117","v":0},1482,{"$f":"A117*H117","v":0}]
[{"$f":"A119","v":0}]
[null,"EA","947162-0","UniFrame X-458 Rotary Constant Speed Caterpillar Drive Assembly 3,000 LB Chain Pull Capacity c/w 5.0 HP, 230/460 Volt AC, TEFC Inverter Duty Gearmotor, 5:1 Turn-down Ratio, 460 Volt AC Brake and Limit Switch Overload Protection, Set @ 3-3/16” Drop, Speed 45.0 FPM @ 60 HZ (Note: Drive is LESS controls. Brake to be wired separately when used with inverter.)",35000,14000,{"$f":"A119*F119","v":0},1482,{"$f":"A119*H119","v":0}]
[{"$f":"A121","v":0}]
[null,"EA","947133-0","UniFrame X-458 Rotary Constant Speed Caterpillar Drive Assembly 3,000 LB Chain Pull Capacity c/w 7.5 HP, 230/460 Volt AC, TEFC Inverter Duty Gearmotor, 5:1 Turn-down Ratio, 460 Volt AC Brake and Limit Switch Overload Protection, Set @ 3-3/16” Drop, Speed 63.2 FPM @ 60 HZ (Note: Drive is LESS controls. Brake to be wired separately when used with inverter.)",35000,14000,{"$f":"A121*F121","v":0},1482,{"$f":"A121*H121","v":0}]
[{"$f":"A123","v":0}]
[{"$f":"SUM(A124:A127)","v":0},null,null,"Take-up Assemblies"]
[null,"EA","16507-0","24\" Radius x 180 Degree Roller Turn Spring Type Take-up Assembly,\n3-3/16\" Drop (0'-8\" Travel, 4'-0\" Spread)",8137,3254.8,{"$f":"A124*F124","v":0},638,{"$f":"A124*H124","v":0}]
[null,"EA","100874-0","24\" Radius x 180 Degree Roller Turn Air Type Take-up Assembly,\n3-3/16\" Drop (0'-8\" Travel, 4'-0\" Spread)",8363,3345.2,{"$f":"A125*F125","v":0},628,{"$f":"A125*H125","v":0}]
[null,"EA","16541-0","36\" Radius x 180 Degree Roller Turn Spring Type Take-up Assembly,\n3-3/16\" Drop (0'-8\" Travel, 6'-0\" Spread)",9743,3897.2,{"$f":"A126*F126","v":0},837,{"$f":"A126*H126","v":0}]
[null,"EA","100876-0","36\" Radius x 180 Degree Roller Turn Air Type Take-up Assembly,\n3-3/16\" Drop (0'-8\" Travel, 6'-0\" Spread)",9965,3986,{"$f":"A127*F127","v":0},828,{"$f":"A127*H127","v":0}]
[{"$f":"A129","v":0}]
[{"$f":"SUM(A130:A138)","v":0},null,null,"Power Only Roller Turns Assemblies"]
[null,"EA","9716-0","24\" Radius x 45 Degree Roller Turn, 3-3/16\" Drop",1100,440,{"$f":"A130*F130","v":0},101,{"$f":"A130*H130","v":0}]
[null,"EA","9712-0","24\" Radius x 90 Degree Roller Turn, 3-3/16\" Drop",2200,880,{"$f":"A131*F131","v":0},147,{"$f":"A131*H131","v":0}]
[null,"EA","9710-0","24\" Radius x 180 Degree Roller Turn, 3-3/16\" Drop",4400,1760,{"$f":"A132*F132","v":0},270,{"$f":"A132*H132","v":0}]
[]
[null,"EA","9736-0","36\" Radius x 45 Degree Roller Turn, 3-3/16\" Drop",1317,526.79999999999995,{"$f":"A134*F134","v":0},107,{"$f":"A134*H134","v":0}]
[null,"EA","9732-0","36\" Radius x 90 Degree Roller Turn, 3-3/16\" Drop",2636,1054.4000000000001,{"$f":"A135*F135","v":0},287,{"$f":"A135*H135","v":0}]
[null,"EA","9730-0","36\" Radius x 180 Degree Roller Turn, 3-3/16\" Drop",5271,2108.4,{"$f":"A136*F136","v":0},356,{"$f":"A136*H136","v":0}]
[]
[null,"EA","9752-0","48\" Radius x 90 Degree Roller Turn, 3-3/16\" Drop",2975,1190,{"$f":"A138*F138","v":0},244,{"$f":"A138*H138","v":0}]
[]
[null,null,null,"Roller Turn Rollers and Roller Turn Bolts"]
[null,"EA","16472-0","2 13/16\" DIA X 5/8\" Bore Ball Bearing Roller",55,{"$f":"ROUND((E141*$F$6),2)","v":22},{"$f":"A141*F141","v":0},3.3,{"$f":"A141*H141","v":0}]
[null,"EA","9577-0","5/8\" DIA X 4 1/8\" LG Hex Head Roller Turn Bolt, Grade 5",12,4.8,{"$f":"A142*F142","v":0},0.4,{"$f":"A142*H142","v":0}]
[null,"EA","16468-0","5/8\" DIA X 4 1/8\" LG Hex Head Roller Turn Bolt, W/Grease Fillting,Grade 5, Drilled",20,8,{"$f":"A143*F143","v":0},0.48,{"$f":"A143*H143","v":0}]
[]
[null,"EA","16490-0","2 13/16\" DIA X 5/8\" Bore Tapered Roller Bearing Heavy Duty Roller",85,34,{"$f":"A145*F145","v":0},3.5,{"$f":"A145*H145","v":0}]
[null,"EA","10216-0","Dust Cap [Two (2) Units Required]",2.5499999999999998,1.02,{"$f":"A146*F146","v":0},0.03,{"$f":"A146*H146","v":0}]
[{"$f":"A148","v":0}]
[{"$f":"SUM(A149:A156)","v":0},null,null,"Traction Wheel Assemblies"]
[null,"EA","440-36-090-R-3-0","36\" Pitch Diameter x 90 Degree Roller Bearing Traction Wheel  Assembly, 3-3/16\" Drop",5042,2016.8,{"$f":"A149*F149","v":0},345,{"$f":"A149*H149","v":0}]
[null,"EA","440-36-180-R-3-0","36\" Pitch Diameter x 180 Degree Roller Bearing Traction Wheel Assembly, 3-3/16\" Drop",5042,2016.8,{"$f":"A150*F150","v":0},345,0]
[]
[null,"EA","440-48-090-R-3-0","48\" Pitch Diameter x 90 Degree Roller Bearing Traction Wheel  Assembly, 3-3/16\" Drop",5729,2291.6,{"$f":"A152*F152","v":0},457,0]
[null,"EA","440-48-180-R-3-0","48\" Pitch Diameter x 180 Degree Roller Bearing Traction Wheel  Assembly, 3-3/16\" Drop)",5729,2291.6,{"$f":"A153*F153","v":0},457,0]
[]
[null,"EA","440-72-090-R-3-0","72\" Pitch Diameter x 90 Degree Roller Bearing Traction Wheel  Assembly, 3-3/16\" Drop",6532,2612.8000000000002,{"$f":"A155*F155","v":0},551,0]
[null,"EA","440-72-180-R-3-0","72\" Pitch Diameter x 180 Degree Roller Bearing Traction Wheel Assembly, 3-3/16\" Drop",6532,2612.8000000000002,{"$f":"A156*F156","v":0},551,0]
[{"$f":"#REF!","v":{"$error":"#REF!"}}]
[null,"EA","440-36-090-C-3-0","36\" Pitch Diameter x 90 Degree Carbon Bushed Traction Wheel Assembly, 3-3/16\" Drop (No Paint, Coated w/ Rust-Veto)",5871,2348.4,{"$f":"A158*F158","v":0},359,{"$f":"A158*H158","v":0}]
[null,"EA","440-36-180-C-3-0","36\" Pitch Diameter x 180 Degree Carbon Bushed Traction Wheel Assembly, 3-3/16\" Drop (No Paint, Coated w/ Rust-Veto)",5871,2348.4,{"$f":"A159*F159","v":0},359,{"$f":"A159*H159","v":0}]
[]
[null,"EA","440-48-090-C-3-0","48\" Pitch Diameter x 90 Degree Carbon Bushed Traction Wheel Assembly, 3-3/16\" Drop (No Paint, Coated w/ Rust-Veto)",6301,2520.4,{"$f":"A161*F161","v":0},486,{"$f":"A161*H161","v":0}]
[null,"EA","440-48-180-C-3-0","48\" Pitch Diameter x 180 Degree Carbon Bushed Traction Wheel Assembly, 3-3/16\" Drop (No Paint, Coated w/ Rust-Veto)",6301,2520.4,{"$f":"A162*F162","v":0},486,{"$f":"A162*H162","v":0}]
[]
[null,"EA","440-72-090-C-3-0","72\" Pitch Diameter x 90 Degree Carbon Bushed Traction Wheel Assembly, 3-3/16\" Drop (No Paint, Coated w/ Rust-Veto)",7791,3116.4,{"$f":"A164*F164","v":0},580,{"$f":"A164*H164","v":0}]
[null,"EA","440-72-180-C-3-0","72\" Pitch Diameter x 180 Degree Carbon Bushed Traction Wheel Assembly, 3-3/16\" Drop (No Paint, Coated w/ Rust-Veto)",7791,{"$f":"ROUND((E165*$F$6),2)","v":3116.4},{"$f":"A165*F165","v":0},580,{"$f":"A165*H165","v":0}]
[{"$f":"A167","v":0}]
[{"$f":"SUM(A168:A172)","v":0},null,null,"Vertical Curves"]
[null,"EA","102253-0","S4 96\" Radius x 30 Degree Single Vertical Curve",607,242.8,{"$f":"A168*F168","v":0},62.9,{"$f":"A168*H168","v":0}]
[null,"EA","102254-0","S4 96\" Radius x 45 Degree Single Vertical Curve",727,290.8,{"$f":"A169*F169","v":0},78.3,{"$f":"A169*H169","v":0}]
[]
[null,"EA","102255-0","S4 120\" Radius x 30 Degree Single Vertical Curve",749,299.60000000000002,{"$f":"A171*F171","v":0},71,{"$f":"A171*H171","v":0}]
[null,"EA","102256-0","S4 120\" Radius x 45 Degree Single Vertical Curve",866,346.4,{"$f":"A172*F172","v":0},91,{"$f":"A172*H172","v":0}]
[{"$f":"A174","v":0}]
[{"$f":"SUM(A175:A176)","v":0},null,null,"Safety Stops"]
[null,"EA","8702-0","S4 Anti-Back-up",420,168,{"$f":"A175*F175","v":0},7,{"$f":"A175*H175","v":0}]
[null,"EA","101878-0","S4 Anti-Runaway (Less Limit Switch)",910,364,{"$f":"A176*F176","v":0},12,{"$f":"A176*H176","v":0}]
[0,"EA","101879-0","S4 Anti-Runaway (With Limit Switch)",1499,599.6,{"$f":"A177*F177","v":0},16,{"$f":"A177*H177","v":0}]
[{"$f":"A179","v":0}]
[{"$f":"A180","v":0},null,null,"Expansion Joint"]
[null,"EA","139999-0","S4 Oven Expansion Joint 3/8\" Travel (Unit Length: 36\") (No Paint, Coated w/ Rust-Veto)",863,345.2,{"$f":"A180*F180","v":0},29,{"$f":"A180*H180","v":0}]
[{"$f":"A182","v":0}]
[{"$f":"SUM(A183:A192)","v":0},null,null,"Additional Components"]
[null,"EA","Special #1",null,0,0,{"$f":"A183*F183","v":0},0,{"$f":"A183*H183","v":0}]
[null,"EA","Special #2",null,0,0,{"$f":"A184*F184","v":0},0,0]
[null,"EA","Special #3",null,0,0,0,0,0]
[null,"EA","Special #4",null,0,0,0,0,0]
[null,"EA","Special #5",null,0,0,0,0,0]
[null,"EA","Special #6",null,0,0,0,0,0]
[null,"EA","Special #7",null,0,0,0,0,0]
[null,"EA","Special #8",null,0,0,0,0,0]
[null,"EA","Special #9",null,0,0,0,0,0]
[null,"EA","Special #10",null,0,0,0,0,0]
[1,null,"Pricing based upon Unibeam™ list dated June 8, 2026.",null,null,"Total Net Lot:",{"$f":"SUM(G13:G192)","v":0},"Weight Boyne:",{"$f":"SUM(I98:I192)","v":0}]
[1,null,null,null,null,null,null,"Weight Carlisle:",{"$f":"SUM(I14:I96)","v":0}]

{"sheet":"X-458 Spare Parts","index":1,"n_rows":101,"n_cols":9,"rows_kept":101,"cut":false,"hidden":false,"merged":[[1,5,1,6],[99,2,99,3]]}
["4\" Unibeam™ Spare Parts Pricing Program"]
[null,null,"Proposal Number:",null,"Date:",{"$f":"NOW()","v":"2026-06-24T16:15:13.870"}]
[null,null,"Customer:"]
[null,null,"Customer Location:"]
[null,null,"End User:"]
[null,null,"End User Location:",null,"Multiplier:",0.4]
[null,null,"Project:"]
["Quantity","EA","Part Number","Description","Unit List Price","Unit Net Price","Total Net","Unit Weight","Total Weight"]
[">0"]
["<0"]
[]
["Quantity","EA","Part Number","Description","Unit List Price","Unit Net Price","Total Net","Unit Weight","Total Weight"]
[{"$f":"SUM(A14:A26)","v":0},null,null,"1,000 LB Drive Spare Parts\n"]
[null,"EA","947362-0","12-Tooth Drive Sprocket,  1-7/8\" Bore\n",1294,{"$f":"ROUND((E14*$F$6),2)","v":517.6},{"$f":"A14*F14","v":0},5,{"$f":"A14*H14","v":0}]
[null,"EA","947354-0","Take-up Sprocket and Shaft Assembly\n",1817,{"$f":"ROUND((E15*$F$6),2)","v":726.8},{"$f":"A15*F15","v":0},5,{"$f":"A15*H15","v":0}]
[null,"EA","947363-0","12-Tooth, Take-up Sprocket,  1-7/8\" Bore\n",1112,{"$f":"ROUND((E16*$F$6),2)","v":444.8},0,6.1,0]
[null,"EA","947359-0","X-458 Caterpillar Chain Assembly, (112\" Long w/ Dogs on 8\" C/C)\n",2581,{"$f":"ROUND((E17*$F$6),2)","v":1032.4000000000001},0,84,0]
[null,"EA","100371-0","Drive Back-up Bar\n",1300,520,0,28,0]
[null,"EA","10694-0","Back-up Bar Stud  [Two (2) Units Required]",67,26.8,0,1.6,0]
[null,"EA","56576-0","1-1/4\" - 7 UNC Hex Jam Nut, Grade 2 [Four (4) Units Required]",5.25,2.1,0,0.4,0]
[null,"EA","8200-0","Compression Spring",280,112,0,8.8000000000000007,0]
[null,"EA","16472-0","Roller Turn Roller, 5/8\" DIA Bore X 2-13/16\" High [Seven (7) Units Required]",55,22,0,3.3,0]
[null,"EA","11815-0","5/8\" DIA X 3-11/16\" LG Roller Turn Roller Bolt [Seven (7) Units Required]",16.25,{"$f":"ROUND((E23*$F$6),2)","v":6.5},{"$f":"A23*F23","v":0},0.4,{"$f":"A23*H23","v":0}]
[null,"EA","9577-0","5/8\" DIA X 4-1/8\" LG Roller Turn Bolt [Seven (7) Units Required]",12,4.8,0,0.4,0]
[null,"EA","56567-0","5/8\" - 11 UNC Hex Jam Nut [Seven (7) Units Required]",1.3,0.52,0,0.05,0]
[null,"EA","57015-0","5/8\" Shake-proof Washer [Seven (7) Units Required]",0.3,0.12,0,0.08,0]
[null,null,null,"*Note:  UniFrame drives built prior to 2016 will use the 9577-0 bolt, 56567-0 nut and 57015-0 washer to secure the rollers to the drive’s back-up roller nest.  Drives constructed after  December 2015 use the 11815-0 roller turn roller bolt only. The newer roller nest incorporates a taped segment bar, so the nut and washer are no longer required."]
[]
[{"$f":"SUM(A30:A41)","v":0},null,null,"2,000 LB and 3,000 LB Drive Spare Parts\n"]
[null,"EA","6671-0","19-Tooth, RC160 Drive Sprocket\n",1100,440,{"$f":"A30*F30","v":0},44.3,{"$f":"A30*H30","v":0}]
[null,"EA","264391-0","19-Tooth, RC-160 Take-up Sprocket w/ Bearings & Shaft\n",4200,1680,0,44,0]
[null,"EA","8389-0","X-458 Caterpillar Chain Assembly (120\" Long w/ Dogs on 8\" C/C)\n",2200,880,0,93,0]
[null,"EA","100371-0","Drive Back-up Bar\n",1300,520,0,28,0]
[null,"EA","10694-0","Back-up Bar Stud  [Two (2) Units Required]",67,26.8,0,1.6,0]
[null,"EA","56576-0","1-1/4\" - 7 UNC Hex Jam Nut, Grade 2 [Four (4) Units Required]",5.25,2.1,0,0.4,0]
[null,"EA","8202-0","Compression Spring",334,133.6,0,5.0999999999999996,0]
[null,"EA","16472-0","Roller Turn Roller, 5/8\" DIA Bore X 2-13/16\" High [Seven (7) Units Required]",55,22,0,3.3,0]
[null,"EA","11815-0","5/8\" DIA X 3-11/16\" LG Roller Turn Roller Bolt [Seven (7) Units Required]",16.25,6.5,0,0.4,0]
[null,"EA","9577-0","5/8\" DIA X 4-1/8\" LG Roller Turn Bolt [Seven (7) Units Required]",12,4.8,0,0.4,0]
[null,"EA","56567-0","5/8\" - 11 UNC Hex Jam Nut [Seven (7) Units Required]",1.3,0.52,0,0.05,0]
[null,"EA","57015-0","5/8\" Shake-proof Washer [Seven (7) Units Required]",0.3,0.12,0,0.08,0]
[null,null,null,"*Note:  UniFrame drives built prior to 2016 will use the 9577-0 bolt, 56567-0 nut and 57015-0 washer to secure the rollers to the drive’s back-up roller nest.  Drives constructed after  December 2015 use the 11815-0 roller turn roller bolt only. The newer roller nest incorporates a taped segment bar, so the nut and washer are no longer required."]
[{"$f":"A44","v":0}]
[{"$f":"SUM(A45:A49)","v":0},null,null,"Drive Gearmotors - 1,000 LB"]
[null,"EA","947375-0","0.5 HP, TEFC, Inverter Duty Gearmotor, 460 Volt, 3 PH, 60 HZ, 641:1 Ratio c/w 480 Volt Brake, for use with 1,000 LB Drive #947395, 5.3 FPM","POR",null,null,103,{"$f":"A45*H45","v":0}]
[null,"EA","947374-0","1.5 HP, TEFC, Inverter Duty Gearmotor,460 Volt, 3 PH, 60 HZ, 231:1 Ratio c/w 480 Volt Brake, for use with 1,000 LB Drive #947394, 15.1 FPM","POR",null,null,132,0]
[null,"EA","94373-0","1.5 HP, TEFC, Inverter Duty Gearmotor, 460 Volt, 3 PH, 60 HZ, 109.04:1 Ratio c/w 480 Volt Brake, for use with 1,000 LB Drive #947393, 31.9 FPM","POR",null,null,114,0]
[null,"EA","947372-0","2.0 HP, TEFC, Inverter Duty Gearmotor, 460 Volt, 3 PH, 60 HZ, 79.76:1 Ratio c/w 480 Volt Brake, for use with 1,000 LB Drive #947392, 43.6 FPM","POIR",null,null,121,0]
[null,"EA","947371-0","3.0 HP, TEFC, Inverter Duty Gearmotor, 460 Volt, 3 PH, 60 HZ, 53.73:1 Ratio c/w 480 Volt Brake, for use with 1,000 LB Drive #947391, 64.6 FPM","POR",null,null,143,0]
[]
[{"$f":"#REF!","v":{"$error":"#REF!"}},null,null,"Drive Gearmotors - 2,000 LB"]
[null,"EA"," 947203-0",".75 HP, TEFC, Inverter Duty Gearmotor, 460 Volt, 3 PH, 60 HZ, 988:1 Ratio c/w 480 Volt Brake, for use with 2,000 LB Drive #947233, 5.4 FPM","POR",null,null,259,{"$f":"A52*H52","v":0}]
[null,"EA","947125-0","1.5 HP, TEFC, Inverter Duty Gearmotor, 460 Volt, 3 PH, 60 HZ, 350:1 Ratio c/w 480 Volt Brake, for use with 2,000 LB Drive #947159, 15.7 FPM","POR",null,null,254,{"$f":"A53*H53","v":0}]
[null,"EA","947204-0","3.0 HP, TEFC, Inverter Duty Gearmotor, 460 Volt, 3 PH, 60 HZ, 179.97:1 Ratio c/w 480 Volt Brake, for use with 2,000 LB Drive #947234, 30.5 FPM","POR",null,null,283,{"$f":"A54*H54","v":0}]
[null,"EA","947124-0","3.0 HP, TEFC, Inverter Duty Gearmotor, 460 Volt, 3 PH, 60 HZ, 123.29:1 Ratio c/w 480 Volt Brake, for use with 2,000 LB Drive #947158, 44.6 FPM","POR",null,null,286,{"$f":"A55*H55","v":0}]
[null,"EA","947122-0","5.0 HP, TEFC, Inverter Duty Gearmotor, 460 Volt, 3 PH, 60 HZ, 88.01:1 Ratio c/w 480 Volt Brake, for use with 2,000 LB Drive #947157, 63.0 FPM","POR",null,null,296,{"$f":"A56*H56","v":0}]
[]
[{"$f":"#REF!","v":{"$error":"#REF!"}},null,null,"Drive Gearmotors - 3,000 LB"]
[null,"EA","947203-0","0.75 HP, TEFC, Inverter Duty Gearmotor, 460 Volt, 3 PH, 60 HZ, 988:1 Ratio c/w 480 Volt Brake, for use with 3,000 LB Drive #9472353, 5.4 FPM","POR",null,null,259,{"$f":"A59*H59","v":0}]
[null,"EA","947125-0","1.5 HP, TEFC, Inverter Duty Gearmotor, 460 Volt, 3 PH, 60 HZ, 350:1 Ratio c/w 480 Volt Brake, for use with 3,000 LB Drive #947163, 15.7 FPM","POR",null,null,254,{"$f":"A60*H60","v":0}]
[null,"EA","947204-0","3.0 HP, TEFC, Inverter Duty Gearmotor, 460 Volt, 3 PH, 60 HZ, 179.97:1 Ratio c/w 480 Volt Brake, for use with 3,000 LB Drive #947236, 30.5 FPM","POR",null,null,283,{"$f":"A61*H61","v":0}]
[null,"EA","947123-0","5.0 HP, TEFC, Inverter Duty Gearmotor, 460 Volt, 3 PH, 60 HZ, 123.29:1 Ratio c/w 480 Volt Brake, for use with 3,000 LB Drive #947162, 45.0 FPM","POR",null,null,286,{"$f":"A62*H62","v":0}]
[null,"EA","947121-0","7.5 HP, TEFC, Inverter Duty Gearmotor, 460 Volt, 3 PH, 60 HZ, 88.01:1 Ratio c/w 480 Volt Brake, for use with 3,000 LB Drive #947133, 63.2 FPM","POR",null,null,321,{"$f":"A63*H63","v":0}]
[{"$f":"A65","v":0}]
[{"$f":"SUM(A66:A72)","v":0},null,null,"Take-up Assemblies"]
[null,"EA","222870-0","4\" Bore x 8\" Stroke Air Cylinder",1694,{"$f":"ROUND((E66*$F$6),2)","v":677.6},{"$f":"A66*F66","v":0},14.5,{"$f":"A66*H66","v":0}]
[null,"EA","16472-0","Roller Turn Roller w/ 5/8\" Diameter Bore x 2-13/16\" Height",55,{"$f":"ROUND((E67*$F$6),2)","v":22},{"$f":"A67*F67","v":0},3.3,0]
[null,"EA","9577-0","5/8\" Diameter x 4-1/8\" Long Roller Turn Roller Bolt",12,4.8,0,0.48,0]
[null,"EA","56567-0","5/8\" - 11 UNC Hex Jam Nut",1.3,0.52,0,0.05,0]
[null,"EA","57015-0","5/8\" Shake-proof Washer",0.3,0.12,0,0.08,0]
[null,"EA","264198-0","Cup for Tapered Roller Bearing\n[Used in Traction Wheel Take-ups [Two (2) Units Required]",136,54.4,0,1.5,0]
[null,"EA","264199-0","Cone for Tapered Roller Bearing\n[Used in Traction Wheel Take-ups [Two (2) Units Required]",200,80,0,1.5,0]
[{"$f":"A74","v":0}]
[{"$f":"SUM(A75:A78)","v":0},null,null,"Roller Turn Assemblies"]
[null,"EA","16472-0","Roller Turn Roller, 5/8\" DIA Bore X 2-13/16\" Height",55,{"$f":"ROUND((E75*$F$6),2)","v":22},{"$f":"A75*F75","v":0},3.3,{"$f":"A75*H75","v":0}]
[null,"EA","9577-0","5/8\" DIA X 4-1/8\" LG Roller Turn Roller Bolt",12,4.8,{"$f":"A76*F76","v":0},0.48,{"$f":"A76*H76","v":0}]
[null,"EA","56567-0","5/8\" - 11 UNC Hex Jam Nut",1.3,0.52,{"$f":"A77*F77","v":0},0.05,{"$f":"A77*H77","v":0}]
[null,"EA","57015-0","5/8\" Shake-proof Washer",0.3,0.12,{"$f":"A78*F78","v":0},0.08,{"$f":"A78*H78","v":0}]
[{"$f":"A80","v":0}]
[{"$f":"SUM(A81:A85)","v":0},null,null,"Traction Wheel Assemblies"]
[null,"EA","264198-0","Cup for Tapered Roller Bearing\n[Used in Roller Bearing Traction Wheels, (2) Units Required]",136,{"$f":"ROUND((E81*$F$6),2)","v":54.4},{"$f":"A81*F81","v":0},1.5,{"$f":"A81*H81","v":0}]
[null,"EA","264199-0","Cone for Tapered Roller Bearing\n[Used in Roller Bearing Traction Wheels, (2) Units Required]",200,80,{"$f":"A82*F82","v":0},1.5,{"$f":"A82*H82","v":0}]
[null,"EA","9985-0","Gasket, 1/32\" Thick\n[Used in Roller Bearing Traction Wheels, (1) Unit Required]",5.5,2.2000000000000002,{"$f":"A83*F83","v":0},0.3,{"$f":"A83*H83","v":0}]
[null,"EA","6610-0","Cooper Washer\n[Used in Carbon Bushed Traction Wheels, (1) Unit Required]",345,138,{"$f":"A84*F84","v":0},1.1000000000000001,{"$f":"A84*H84","v":0}]
[null,"EA","264289-0","Carbon Bushing\n[Used in Carbon Bushed Traction Wheels, (1) Unit Required]",2100,{"$f":"ROUND((E85*$F$6),2)","v":840},{"$f":"A85*F85","v":0},3.5,{"$f":"A85*H85","v":0}]
[{"$f":"A87","v":0}]
[{"$f":"SUM(A88:A97)","v":0},null,null,"Additional Components"]
[null,"EA","Special #1",null,0,{"$f":"ROUND((E88*$F$6),2)","v":0},{"$f":"A88*F88","v":0},0,{"$f":"A88*H88","v":0}]
[null,"EA","Special #2",null,0,0,{"$f":"A89*F89","v":0},0,0]
[null,"EA","Special #3",null,0,0,0,0,0]
[null,"EA","Special #4",null,0,0,0,0,0]
[null,"EA","Special #5",null,0,0,0,0,0]
[null,"EA","Special #6",null,0,0,0,0,0]
[null,"EA","Special #7",null,0,0,0,0,0]
[null,"EA","Special #8",null,0,0,0,0,0]
[null,"EA","Special #9",null,0,0,0,0,0]
[null,"EA","Special #10",null,0,0,0,0,0]
[1]
[]
[1,null,"Pricing based upon Unibeam™ list dated June 8, 2026",null,null,"Total Net Lot:",{"$f":"SUM(G13:G98)","v":0},"Weight:",{"$f":"SUM(I14:I97)","v":0}]
[1]